000 00792nam a2200229 a 4500
001 000013711
005 20230201091803.0
008 091127s1981 dr 000 0 spa d
040 _aDO-SdBNP
_bspa
_cBNPHU
082 _a370.97293
_bP912p, 1981
100 1 _aPrats-Ramírez de Pérez, Yvelisse
_925177
245 1 0 _aPor la educación :
_bensayos y conferencias /
_cIvelisse Prats-Ramírez De Pérez.
250 _a2a ed.
260 _aSanto Domingo :
_bAmigo del Hogar,
_c1981.
300 _a200 p. :
_b22 cm.
490 1 _aEducación y sociedad
_vv. 16
504 _aIncluye bibliografías (p. 197-200)
500 _aIncluye datos biografícos del autor.
650 4 _aEducación
_xEnsayos, conferencias, etc.
_931150
830 0 _aEducación y sociedad
_nno. 16
_920455
049 _aBNPD
999 _c13324
_d13324